| 000 | nam a22 a 4500 | ||
|---|---|---|---|
| 999 |
_c770 _d770 |
||
| 003 | AKMAL | ||
| 005 | 20170505094425.0 | ||
| 008 | 17050 s2012 my | e l 000 0 may d | ||
| 020 |
_a9789677014064 (kkt.) : _cRM28.00 |
||
| 040 | _aAKMAL | ||
| 082 | 0 | 4 |
_a343.595056 MAL _222 |
| 090 | 0 | 0 |
_a343.595056 _bMAL |
| 110 | 1 |
_aMalaysia _9400 |
|
| 245 | 1 | 0 |
_aAkta Eksais dan Peraturan-peraturan (Akta 176) : _bsemua pindaan hingga Mei, 2012 / _cdisusun semula oleh : Penasihat Undang-Undang MDC |
| 250 | _aEd. 2012 | ||
| 260 |
_aKuala Lumpur : _bMDC Publishers, _c2012 |
||
| 300 |
_aviii, 230ms. ; _c26cm. |
||
| 490 | 1 | _aUndang-undang Malaysia | |
| 650 | 1 | 0 |
_aExcise tax _xLaw and legislation _zMalaysia _9623 |
| 650 | 2 | 0 |
_aTariff on liquors _91636 |
| 710 | 2 |
_aPenasihat Undang-Undang MDC _9405 |
|
| 830 | 0 |
_aUNDANG-UNDANG MALAYSIA _91675 |
|
| 942 |
_2ddc _cBOOK |
||
| 950 | _lAKMAL | ||